Study of training programme for junior cooperative personnel and member education (Record no. 499989)

000 -LEADER
fixed length control field 00464cam a22001097a 4500
008 - FIXED-LENGTH DATA ELEMENTS--GENERAL INFORMATION
fixed length control field 180718b1969 xxu||||| |||| 00| 0 eng d
082 ## - DEWEY DECIMAL CLASSIFICATION NUMBER
Classification number K5x54 In2cp
245 ## - TITLE STATEMENT
Title Study of training programme for junior cooperative personnel and member education
Statement of responsibility, etc. by Programme Evaluation Organisation, Planning Commission. India
260 ## - PUBLICATION, DISTRIBUTION, ETC.
Place of publication, distribution, etc. Delhi
Name of publisher, distributor, etc. Programme Evaluation Organisation
Date of publication, distribution, etc. 1969
300 ## - PHYSICAL DESCRIPTION
Extent 82+p.
700 ## - ADDED ENTRY--PERSONAL NAME
Personal name India. Planning Commission. Programme Evaluation Organisation
Holdings
Withdrawn status Lost status Damaged status Not for loan Permanent Location Current Location Date acquired Full call number Barcode Date last seen Price effective from Koha item type
        Indian Institute of Public Administration Indian Institute of Public Administration 2018-08-04 K5x54 In2cp G11129 2018-08-04 2018-08-04 G

Powered by Koha